| 000 | 00943cam a22003011 4500 | ||
|---|---|---|---|
| 001 | he 66001229 | ||
| 003 | DLC | ||
| 005 | 20260227111440.0 | ||
| 008 | 810127s1965 is d 000 0 hebr | ||
| 010 | _ahe 66001229 | ||
| 025 | _aPL480: Is-2973 | ||
| 035 | _a(OCoLC)7084921 | ||
| 040 |
_aDLC _cTxCM _dTxCM _dTNJ _dOCoLC _dDLC |
||
| 041 | 0 | _ahebeng | |
| 042 | _apremarc | ||
| 050 | 0 | 0 |
_aPJ4833 _b.A4 1965 |
| 051 |
_aPJ4833 _b.A4 1965 Copy 3 _cCopy 3. |
||
| 051 |
_aPJ4833 _b.A4 1965 Copy 4 _cCopy 4. |
||
| 051 |
_aPJ4833 _b.A4 1965 Copy 5 _cCopy 5. |
||
| 082 | _a492.432 | ||
| 100 | 1 |
_aAlcalay, Reuben, _d1907- |
|
| 245 | 1 | 0 |
_aMilon angli-ʻivri shalem, _cmeʼet Reʼuben Alkalaʻi. |
| 260 |
_aTel-aviv, _bMasadah _c[1965] |
||
| 300 |
_a2 v. (4270 columns) _c25 cm. |
||
| 500 | _aAdded t.p.: The complete English-Hebrew dictionary. | ||
| 650 | 0 |
_aEnglish language _xDictionaries _xHebrew. |
|
| 740 | 0 | _aComplete English-Hebrew dictionary. | |
| 999 |
_c31838 _d31838 |
||